| 000 | 00661nam a2200193 a 4500 | ||
|---|---|---|---|
| 001 | 12424 | ||
| 003 | CO-ViMGA | ||
| 008 | 141112s2004 ck r 000 u spa d | ||
| 040 |
_aCO-ViMGA _bspa _cCO-ViMGA |
||
| 082 | 0 | 4 | _a624.1771 S15a |
| 100 | 1 |
_aSalcedo, Luna Jorge _917845 |
|
| 245 | 1 | 0 | _aAnalisis Avanzado de Estructuras |
| 250 | _a1 | ||
| 260 |
_aBucaramanga : _bUniversidad Industrila de Santander, _cDepartamento de Ingenieria civil, _c1987 |
||
| 300 | _a299p. | ||
| 590 | _aForma de adquisición : DONACION - - Proveedor : MARINA TRUJILLO - - Fecha de adquisición : SEPTIEMBRE - 2000 | ||
| 650 | 1 | 4 |
_aINGENIERIA DE ESTRUCTURAS _915143 |
| 942 |
_2ddc _cBK |
||
| 999 |
_c23432 _d23432 |
||